Loading...
Science - Chemistry | 0 | 8 | 1 | 1 | 75 | 45 | 66.38 | 0 | 3 |
Science - Other Science | 0 | 7 | 1 | 1 | 65 | 23 | 60.29 | 2 | 4 |
Philosophy | 0 | 4 | 0 | 0 | 40 | 62 | 80.25 | 0 | 1 |
Religion | 0 | 4 | 1 | 0 | 35 | 47 | 75.50 | 1 | 3 |
Science - Biology | 0 | 5 | 3 | 1 | 35 | 42 | 67.40 | 0 | 1 |
Literature - World Literature | 0 | 3 | 0 | 1 | 30 | 94 | 106.00 | 0 | 0 |
Literature - British Literature | 0 | 2 | 1 | 0 | 15 | 93 | 106.00 | 0 | 0 |
Literature - European Literature | 0 | 2 | 1 | 1 | 15 | 82 | 103.50 | 0 | 1 |
History - American History | 0 | 2 | 1 | 1 | 15 | 68 | 86.50 | 0 | 1 |
History - Other History | 0 | 2 | 1 | 1 | 15 | 91 | 102.50 | 0 | 0 |
Social Science | 0 | 2 | 1 | 1 | 15 | 70 | 86.50 | 0 | 0 |
Fine Arts - Classical Music | 0 | 2 | 1 | 1 | 15 | 59 | 83.00 | 0 | 1 |
Mythology | 0 | 1 | 0 | 1 | 10 | 112 | 112.00 | 0 | 0 |
Fine Arts - Other Fine Arts | 0 | 1 | 0 | 0 | 10 | 47 | 47.00 | 0 | 1 |
Literature - American Literature | 0 | 1 | 0 | 0 | 10 | 90 | 90.00 | 0 | 0 |
Current Events | 0 | 1 | 0 | 1 | 10 | 101 | 101.00 | 0 | 0 |
Pop Culture | 0 | 1 | 0 | 0 | 10 | 49 | 49.00 | 0 | 1 |
Science - Physics | 0 | 2 | 2 | 0 | 10 | 39 | 51.00 | 0 | 2 |
History - World History | 0 | 1 | 1 | 0 | 5 | 50 | 50.00 | 0 | 0 |
Painting/Sculpture | 0 | 1 | 1 | 1 | 5 | 116 | 116.00 | 0 | 0 |